000 00418cam a22001337a 4500
008 180718b2002 xxu||||| |||| 00| 0 eng d
082 _aP/G151 R85
245 _aGandhian ideas on education: their relevance in the 21st century
_cedited by S.P. Ruhela
260 _aDelhi
_bIndian Pub.
_c2002
300 _a199p.
650 _aEducation
650 _aGandhi, M.K. - Criticism and interpretation
700 _aRuhela, S.P.
999 _c399528
_d399528